A comprehensive introduction to differential geometry

Gardado en:
Detalles Bibliográficos
Autor Principal: Spivak, Michael (Author)
Formato: Libro
Idioma:inglés
Publicado: Houston, TX., USA Publish or Perish, Inc 2005
Edición:3rd. edition
Subjects:
Acceso en liña:Disponible Online - vol 1
Tags: Engadir etiqueta
Sen Etiquetas, Sexa o primeiro en etiquetar este rexistro!

MARC

LEADER 00000cam a2200000 a 4500
001 UCF9257
003 CL-VaPUC
005 20230629111847.0
008 131111e20050000us |||||||||||||||||eng|d
999 |c 353730  |d 353728 
020 |a 0914098705v.1 
020 |a 0914098713v.2 
020 |a 0914098721v.3 
020 |a 091409873Xv.4 
020 |a 0914098748v.5 
040 |c Pontificia Universidad Católica de Valparaíso 
082 0 4 |a 516.36 SPI 2005  |2 21 
100 0 |a Spivak, Michael  |e author  |9 571524 
245 1 2 |a A comprehensive introduction to differential geometry 
250 |a 3rd. edition  
260 |a Houston, TX., USA  |b Publish or Perish, Inc  |c 2005 
300 |a 5 volúmenes  
583 |a last modification  |c 20131111 15:03:00  |k Rodrigo Vera 
650 0 |a Geometría diferencial   |9 315147 
650 0 |a Ecuaciones diferenciales  |9 260083 
650 0 |a Integración matemática  |2 CL-VaPUC  |9 425551 
650 0 |a Topología algebraica   |9 269858 
650 0 |a Teoría de grupos   |9 270028 
650 0 |a Grupos de Lie   |9 271231 
856 |u http://bibliografiadigital.pucv.cl.pucv.idm.oclc.org/index.php/bibliotecapucv/catalog/book/546  |y Disponible Online - vol 1 
942 |c BK  |2 ddc 
945 |d 20131111 15:03:00  |a cmena 
952 |0 0  |1 0  |3 erd  |4 0  |6 516_360000000000000_SPI_2005  |7 0  |8 A  |9 459095  |a BIBMAT  |b BIBMAT  |d 2019-11-23  |h v.1  |i 5025958  |l 1  |o 516.36 SPI 2005  |p 5025958  |r 2025-01-07  |s 2021-06-29  |w 2019-11-23  |y BK  |z Catalogado en:20131111  |k MAT 
952 |0 0  |1 0  |3 erd  |4 0  |6 516_360000000000000_SPI_2005  |7 0  |8 A  |9 459096  |a BIBMAT  |b BIBMAT  |d 2019-11-23  |h v.2  |i 5025966  |o 516.36 SPI 2005  |p 5025966  |r 2025-01-07  |w 2019-11-23  |y BK  |z Catalogado en:20131111  |k MAT 
952 |0 0  |1 0  |3 erd  |4 0  |6 516_360000000000000_SPI_2005  |7 0  |8 A  |9 459097  |a BIBMAT  |b BIBMAT  |d 2019-11-23  |h v.3  |i 5025974  |o 516.36 SPI 2005  |p 5025974  |r 2025-01-07  |w 2019-11-23  |y BK  |z Catalogado en:20131111  |k MAT 
952 |0 0  |1 0  |3 erd  |4 0  |6 516_360000000000000_SPI_2005  |7 0  |8 A  |9 459098  |a BIBMAT  |b BIBMAT  |d 2019-11-23  |h v.4  |i 5025982  |o 516.36 SPI 2005  |p 5025982  |r 2025-01-07  |w 2019-11-23  |y BK  |z Catalogado en:20131111  |k MAT 
952 |0 0  |1 0  |3 erd  |4 0  |6 516_360000000000000_SPI_2005  |7 0  |8 A  |9 459099  |a BIBMAT  |b BIBMAT  |d 2019-11-23  |h v.5  |i 5025990  |o 516.36 SPI 2005  |p 5025990  |r 2025-01-07  |w 2019-11-23  |y BK  |z Catalogado en:20131111  |k MAT